Business @ the speed of thought : (Record no. 8588)
[ view plain ]
| 000 -LEADER | |
|---|---|
| fixed length control field | 00706nam a22002172 4500 |
| 001 - CONTROL NUMBER | |
| control field | 0000018585 |
| 005 - DATE AND TIME OF LATEST TRANSACTION | |
| control field | 20151217152129.0 |
| 008 - FIXED-LENGTH DATA ELEMENTS--GENERAL INFORMATION | |
| fixed length control field | 100214s xx 000 0 eng d |
| 020 ## - INTERNATIONAL STANDARD BOOK NUMBER | |
| International Standard Book Number | 0140283129 : |
| 040 ## - CATALOGING SOURCE | |
| Original cataloging agency | KABU |
| Transcribing agency | KABU |
| 100 1# - MAIN ENTRY--PERSONAL NAME | |
| Personal name | Gates, Bill. |
| -- | 0000177893 |
| 245 10 - TITLE STATEMENT | |
| Title | Business @ the speed of thought : |
| Remainder of title | succeeding in the digital economy / |
| Statement of responsibility, etc. | Bill Gates. |
| 250 ## - EDITION STATEMENT | |
| Edition statement | 1st ed. |
| 260 ## - PUBLICATION, DISTRIBUTION, ETC. (IMPRINT) | |
| Place of publication, distribution, etc. | London : |
| Name of publisher, distributor, etc. | Penguin, |
| Date of publication, distribution, etc. | 1999. |
| 300 ## - PHYSICAL DESCRIPTION | |
| Extent | xxv, 527 p. |
| 650 #0 - SUBJECT ADDED ENTRY--TOPICAL TERM | |
| Topical term or geographic name as entry element | Business enterprises |
| General subdivision | Computer networks. |
| -- | 0000151606 |
| 650 #0 - SUBJECT ADDED ENTRY--TOPICAL TERM | |
| Topical term or geographic name as entry element | Business enterprises |
| General subdivision | Communication systems. |
| -- | 0000177894 |
| 852 1# - LOCATION | |
| -- | p1135 KES |
| 908 ## - PUT COMMAND PARAMETER (RLIN) | |
| Put command parameter | 100214 |
| 950 ## - LOCAL HOLDINGS (RLIN) | |
| -- | 1 |
| Withdrawn status | Lost status | Source of classification or shelving scheme | Not for loan | Home library | Current library | Date acquired | Total Checkouts | Full call number | Barcode | Date last seen | Date last checked out | Price effective from | Koha item type |
|---|---|---|---|---|---|---|---|---|---|---|---|---|---|
| Library of Congress Classification | Kabarak, Main Campus | Kabarak, Main Campus | 17/12/2015 | 1 | HD30.37 .G38 1999 c. 1 | 18528 | 26/05/2025 | 20/05/2025 | 17/12/2015 | General Collection |